Dôchodky vyplácané z úspor v II. dôchodkovom pilieri na Slovensku
Analýza vyplácania doživotných dôchodkov zo starobného dôchodkového sporenia na Slovensku.
Salvato in:
| Autore principale: | |
|---|---|
| Natura: | Capitolo di libro |
| Lingua: | slovacco |
| Soggetti: | |
| Tags: |
Nessun Tag, puoi essere il primo ad aggiungerne!!
|
MARC
| LEADER | 00000naa a2200000 4500 | ||
|---|---|---|---|
| 001 | 0201021 | ||
| 005 | 20220420112154.8 | ||
| 041 | 0 | |a slo | |
| 044 | |a SK | ||
| 245 | 1 | 0 | |a Dôchodky vyplácané z úspor v II. dôchodkovom pilieri na Slovensku |c Gábor Szücs |
| 520 | |a Analýza vyplácania doživotných dôchodkov zo starobného dôchodkového sporenia na Slovensku. | ||
| 610 | 2 | 0 | |a Slovensko |
| 610 | 2 | 0 | |a sporenie dôchodkové |
| 610 | 2 | 0 | |a vývoj populačný |
| 610 | 2 | 0 | |a systémy dôchodkové |
| 610 | 2 | 0 | |a dôchodky starobné |
| 100 | 1 | |a Szücs, Gábor | |